000 00511cab a2200181 4500
001 X88309
008 090401t1997 xxu||||| |||| 00| 0 eng d
035 _a(Sirsi) u82695
041 _aeng
245 _aSouth cambridgeshire DC v Thames Valley Eggs Ltd
260 _c1997
350 _a0
490 _aPlanning Appeal Decisions
_v[1997] 12 PAD 598-602(5)
650 _aSOUTH CAMBRIDGESHIRE DC V THAMES VALLEY EGGS LTD
690 _aPLANNING LAW AND PRACTICE-CASE LAW
942 _n0
948 _c16/12/1997
999 _c52226
_d52226